La vie et les mysteres de la Bienheurese Vierge Marie, Mere de Dieu / (Record no. 158864)

MARC details
000 -LEADER
campo de control de longitud fija 01273nam a2200253 i 4500
001 - NÚMERO DE CONTROL
campo de control 158864
003 - IDENTIFICADOR DE NÚMERO DE CONTROL
campo de control ES-MaACL
005 - FECHA Y HORA DE LA ÚLTIMA TRANSACCIÓN
campo de control 20251116063109.0
008 - DATOS DE LONGITUD FIJA--INFORMACIÓN GENERAL
campo de control de longitud fija 980921s1859 fr a |||| | fre d
100 1# - ENTRADA PRINCIPAL--NOMBRE DE PERSONA
Nombre de persona Martin, Arthur,
Títulos y otros términos asociados al nombre (S.I.),
Fechas asociadas al nombre 1801-1856
9 (RLIN) 129561
245 13 - MENCIÓN DEL TÍTULO
Título La vie et les mysteres de la Bienheurese Vierge Marie, Mere de Dieu /
Mención de responsabilidad, etc. [texte du R.P. Arthur Martin ; avec une introduction du R.P.J. Tailhan ; dessins et chromolithographies de Kellerhoven, Gsell, Ciappori, Ledoux ... et al. ; impressions typographiques et lithographiques de Henri Charpentier ; impressions chromolithographiques de Lemercier].
260 ## - PUBLICACIÓN, DISTRIBUCIÓN, ETC.
Lugar de publicación, distribución, etc. Paris :
Nombre del editor, distribuidor, etc. Henri Charpentier,
Fecha de publicación, distribución, etc. [s.a.] (
Fabricante Imp. Henri Charpentier,
Fecha de fabricación/manufactura 1859)
300 ## - DESCRIPCIÓN FÍSICA
Extensión [4] h. de lám., [6], VI, [122] p. ;
Dimensiones 42 cm.
597 ## - NOTA DE DESCRIPCIÓN FÍSICA
NOTA DE DESCRIPCIÓN FÍSICA Letras capitales ornadas y texto en caracteres góticos.
597 ## - NOTA DE DESCRIPCIÓN FÍSICA
NOTA DE DESCRIPCIÓN FÍSICA Texto a dos tintas encuadrado en orla decorativa.
650 14 - PUNTO DE ACCESO ADICIONAL DE MATERIA--TÉRMINO DE MATERIA
Término de materia o nombre geográfico como elemento de entrada Virgen María-
Subdivisión general Biografías.
9 (RLIN) 223035
700 1# - ENTRADA AGREGADA--NOMBRE PERSONAL
Nombre de persona Tailhan, Jules,
Fechas asociadas al nombre 1816-1891
9 (RLIN) 158241
700 1# - ENTRADA AGREGADA--NOMBRE PERSONAL
Nombre de persona Kellerhoven, Franz,
Fechas asociadas al nombre 1814-1872
9 (RLIN) 158242
700 1# - ENTRADA AGREGADA--NOMBRE PERSONAL
Nombre de persona Gsell.
9 (RLIN) 127583
700 1# - ENTRADA AGREGADA--NOMBRE PERSONAL
Nombre de persona Ciappori.
9 (RLIN) 126496
700 1# - ENTRADA AGREGADA--NOMBRE PERSONAL
Nombre de persona Ledoux, Auguste-Louis-Charles,
Fechas asociadas al nombre 1816-1869
9 (RLIN) 158243
852 ## - LOCALIZACIÓN
Ubicación ES-MaACL
Número de control de estantería C-1051
Nota libre - Enc. piel
Holdings
Estatus retirado Estado de pérdida Estado de daño No para préstamo Biblioteca de origen Biblioteca actual Ubicación en estantería Fecha de adquisición Fuente de adquisición Total de préstamos Signatura topográfica completa Código de barras Visto por última vez Precio de reemplazo Tipo de ítem Koha
        Biblioteca del Ateneo de Madrid Biblioteca del Ateneo de Madrid Sala Palomar 17/01/2008     C-1051 1166278 23/02/2023 23/02/2023 Libro impreso